| 000 | 00337nam a22001217a 4500 | ||
|---|---|---|---|
| 082 | _a330/SIN | ||
| 100 |
_aSingh,Ramesh _981964 |
||
| 245 |
_aIndian Economy _bFor UPSC and State civil services examination |
||
| 250 | _aFifteen Edition | ||
| 260 |
_aIndia Private Limited _bMC Graw Hill Education _c2023 |
||
| 650 | _aEconomy | ||
| 942 | _cBK | ||
| 999 |
_c66209 _d66209 |
||